Fra Angelico en San Marcos

Сохранить в:
Библиографические подробности
Главный автор: Berti, Luciano (Автор)
Формат:
Язык:испанский
Опубликовано: Granada Albacian 1966
Серии:Forma y Color. Los Grandes Ciclos del Arte, 6
Предметы:
Метки: Добавить метку
Нет меток, Требуется 1-ая метка записи!

MARC

LEADER 00000nam a2200000 a 4500
001 UCU5431
003 CL-VaPUC
008 960604e19660000SP |||||||||||||||||spa|d
082 0 4 |a 759.03  |b BER  |2 21 
100 0 |a Berti, Luciano  |e author  |9 363436 
245 1 0 |a Fra Angelico en San Marcos 
300 |a 30 p 
942 |c BK 
945 |d 19960604 00:00:00  |a rbrito 
260 |a Granada  |b Albacian  |c 1966 
600 0 7 |a ANGELICO, FRA  |2 CL-VaPUC  |9 333614 
650 0 |a Pintura italiana  |9 265293 
650 0 |a Pintores italianos  |9 265277 
650 0 |a Renacimiento  |9 255107 
583 |a last modification  |c 19960604 00:00:00  |k Rodrigo Vera 
490 0 |a Forma y Color. Los Grandes Ciclos del Arte, 6 
999 |c 248798  |d 248796 
952 |0 0  |1 0  |4 0  |6 759_030000000000000_BER_1966  |7 0  |8 A  |9 265660  |a BIBARQ  |b BIBARQ  |d 2019-11-19  |i 3207838  |o 759.03 BER 1966  |p 3207838  |r 2025-01-20  |w 2019-11-19  |y BK  |k ARQ 
952 |0 0  |1 0  |4 0  |6 759_030000000000000_BER_1966  |7 0  |8 A  |9 265661  |a BIBART  |b BIBART  |d 2019-11-19  |i 1204556  |o 759.03 BER 1966  |p 1204556  |r 2025-03-13  |w 2019-11-19  |y BK  |k ART